| 000 | 00582nam a2200193Ia 4500 | ||
|---|---|---|---|
| 008 | 120920t2007 xxu||||| |||| 00| 0 eng d | ||
| 041 | _aeng | ||
| 080 |
_a8-31 (eng) _bSTE |
||
| 100 | _aSteinbeck,John | ||
| 245 | _aවහලක් නැති මාළිගාව | ||
| 246 | _aWahalak Nathi Maligawa | ||
| 260 |
_aVidharshana Publishers _aColombo _c2007 |
||
| 300 | _b102p, 21 cm | ||
| 500 | _aSinhalese Translation of J.Steinbeck's of Of Mice & Men | ||
| 700 |
_aRajapaksha,Swarnakanthi _etr. |
||
| 942 | _cBK | ||
| 999 |
_c41778 _d41778 |
||
| 003 | LK-CoDNM | ||
| 040 |
_aLK-CoDNM _dLK-CoDNM _eLK-CoDNM |
||